Cop counselors /
Police officers are exposed to more traumatic experiences in a few months on the job than most people experience in a lifetime. Yet despite the stress, relatively few seek the professional help of therapists, counselors or psychologists. And sometimes--as with the rash of police suicides in New York...
| Other Authors: | |
|---|---|
| Format: | Video |
| Language: | English |
| Language Notes: | This edition in English. |
| Published: |
New York, NY :
A & E Television Networks,
2001.
|
| Series: | Criminal justice and public safety in video
Investigative reports |
| Subjects: | |
| Online Access: | Connect to this streaming video (Alexander Street Press) |
MARC
| Tag | First Indicator | Second Indicator | Subfields |
|---|---|---|---|
| LEADER | 00000cgm a2200000 a 4500 | ||
| 001 | in00005560413 | ||
| 006 | m o c | ||
| 007 | cr |n|---||a|a | ||
| 007 | vz |zazu| | ||
| 008 | 061012s2001 nyu046 g o vleng d | ||
| 005 | 20241201231234.5 | ||
| 035 | |a (OCoLC)ocn812278224 | ||
| 040 | |a ALSTP |b eng |e pn |c ALSTP |d OCLCO |d OCLCQ |d U3G |d OCLCO |d OCLCA |d OCLCQ |d IAA |d OCLCF |d MNI |d WYU |d OCLCA |d OCLCO |d CJT |d OCLCQ |d OCLCL |d OCLCQ | ||
| 019 | |a 1373536858 |a 1443980140 | ||
| 035 | |a (OCoLC)812278224 |z (OCoLC)1373536858 |z (OCoLC)1443980140 | ||
| 050 | 4 | |a HV7419 | |
| 082 | 0 | 4 | |a 363.2019 |q OCoLC |
| 049 | |a TXAM | ||
| 245 | 0 | 0 | |a Cop counselors / |c by Michelle Crane. |
| 260 | |a New York, NY : |b A & E Television Networks, |c 2001. | ||
| 300 | |a 1 online resource (46 min.). | ||
| 306 | |a 004532 | ||
| 336 | |a two-dimensional moving image |b tdi |2 rdacontent | ||
| 337 | |a computer |b c |2 rdamedia | ||
| 338 | |a online resource |b cr |2 rdacarrier | ||
| 347 | |a data file |2 rda | ||
| 490 | 0 | |a Criminal justice and public safety in video | |
| 490 | 0 | |a Investigative reports | |
| 500 | |a Title from resource description page (viewed Jul. 13, 2012). | ||
| 520 | |a Police officers are exposed to more traumatic experiences in a few months on the job than most people experience in a lifetime. Yet despite the stress, relatively few seek the professional help of therapists, counselors or psychologists. And sometimes--as with the rash of police suicides in New York City in the late 1990's--the consequences can be tragic. Cop Counselors introduces three individuals who are working to change the stigma of cops seeking help. Stephanie Samuels is an independent therapist who works with officers through a referral system, and she is helping teach a new generation of cops how to recognize the warning signs of stress. Bill Genet, a former officer, quit the force to start the Members Assistance Program (MAP) as a response to skyrocketing suicide rates. He is on a national crusade to get the program recognized by police forces across the country. Finally, Dr. Forrest Fulton runs a model Behavioral Sciences Unit in San Francisco that uses outside therapists, peer support and advocacy to help police officers. | ||
| 546 | |a This edition in English. | ||
| 600 | 1 | 0 | |a Fulton, Forrest. |
| 600 | 1 | 0 | |a Genet, Bill. |
| 600 | 1 | 0 | |a Samuels, Stephanie. |
| 600 | 1 | 7 | |a Samuels, Stephanie. |2 fast |0 (OCoLC)fst01672971 |
| 650 | 0 | |a Police psychiatrists. | |
| 650 | 0 | |a Police psychologists. | |
| 650 | 0 | |a Police psychology. | |
| 650 | 0 | |a Police |x Job stress. | |
| 650 | 6 | |a Psychologues policiers. | |
| 650 | 6 | |a Psychologie policière. | |
| 650 | 6 | |a Policiers |x Stress dû au travail. | |
| 650 | 7 | |a Police |x Job stress. |2 fast |0 (OCoLC)fst01068464 | |
| 650 | 7 | |a Police psychiatrists. |2 fast |0 (OCoLC)fst01068655 | |
| 650 | 7 | |a Police psychologists. |2 fast |0 (OCoLC)fst01068656 | |
| 650 | 7 | |a Police psychology. |2 fast |0 (OCoLC)fst01068657 | |
| 655 | 4 | |a Streaming videos. | |
| 655 | 7 | |a Nonfiction television programs. |2 fast |0 (OCoLC)fst01710270 | |
| 655 | 7 | |a Nonfiction television programs. |2 lcgft | |
| 655 | 7 | |a Émissions télévisées autres que de fiction. |2 rvmgf | |
| 700 | 1 | |a Crane, Michelle. |4 aus |4 drt | |
| 700 | 1 | |a Kurtis, Bill. |4 hst | |
| 758 | |i has work: |a Cop counselors (MovingImage) |1 https://id.oclc.org/worldcat/entity/E39PCFXGpPdjQb6DfrK8kX4Fyq |4 https://id.oclc.org/worldcat/ontology/hasWork | ||
| 776 | 0 | 8 | |i Print version: |t Cop counselors. |d New York, NY : A & E Television Networks, 2001 publisher catalog number |o 18042 |
| 856 | 4 | 0 | |u http://proxy.library.tamu.edu/login?url=https://www.aspresolver.com/aspresolver.asp?LAWV;1746712 |z Connect to this streaming video (Alexander Street Press) |t 0 |
| 955 | |a Alexander Street Press subscription streaming video | ||
| 994 | |a 92 |b TXA | ||
| 999 | f | f | |s 0a768f5c-fc2c-4dea-b8ad-cf5f6bc2e491 |i a546c96f-d70a-455f-9255-06bc8339d250 |t 0 |
| 952 | f | f | |a Texas A&M University |b College Station |c Electronic Resources |d Available Online |t 0 |e HV7419 |h Library of Congress classification |
| 998 | f | f | |a HV7419 |t 0 |l Available Online |